Digital Image processing using MATLAB (Record no. 11269)
[ view plain ]
| 000 -LEADER | |
|---|---|
| fixed length control field | 00488 a2200181 4500 |
| 020 ## - INTERNATIONAL STANDARD BOOK NUMBER | |
| International Standard Book Number | 9780070702622 |
| 082 ## - DEWEY DECIMAL CLASSIFICATION NUMBER | |
| Classification number | 006.42 |
| 090 ## - LOCALLY ASSIGNED LC-TYPE CALL NUMBER (OCLC); LOCAL CALL NUMBER (RLIN) | |
| -- | 7466 |
| -- | 7466 |
| 100 ## - MAIN ENTRY--PERSONAL NAME | |
| Personal name | Gonzalez, Rafael C |
| 110 ## - MAIN ENTRY--CORPORATE NAME | |
| Corporate name or jurisdiction name as entry element | Woods, Richard |
| 245 ## - TITLE STATEMENT | |
| Title | Digital Image processing using MATLAB |
| Statement of responsibility, etc. | Rafael C Gonzalez |
| 250 ## - EDITION STATEMENT | |
| Edition statement | 2nd ed. |
| 260 ## - PUBLICATION, DISTRIBUTION, ETC. | |
| Place of publication, distribution, etc. | New Delhi |
| Name of publisher, distributor, etc. | Pearson education |
| Date of publication, distribution, etc. | 2010 |
| 300 ## - PHYSICAL DESCRIPTION | |
| Extent | 738 p. |
| 650 ## - SUBJECT ADDED ENTRY--TOPICAL TERM | |
| Topical term or geographic name entry element | Image processing--Digital techniques |
| 700 ## - ADDED ENTRY--PERSONAL NAME | |
| Personal name | Rafael C Gonzalez |
| 942 ## - ADDED ENTRY ELEMENTS (KOHA) | |
| Koha item type | Book |
| Call number prefix | 006.42 GON |
| Withdrawn status | Lost status | Source of classification or shelving scheme | Damaged status | Not for loan | Permanent Location | Current Location | Shelving location | Date acquired | Source of acquisition | Cost, normal purchase price | Total Checkouts | Total Renewals | Full call number | Barcode | Date last seen | Date last checked out | Price effective from | Koha item type |
|---|---|---|---|---|---|---|---|---|---|---|---|---|---|---|---|---|---|---|
| Central Library (CL) | Central Library (CL) | First Floor - Machine Learning/Computer Graphics | 09/18/2012 | Allied Book Company | 816.78 | 6 | 1 | 621.367 GON | SEECS011573 | 06/09/2023 | 09/04/2019 | 01/05/2017 | Book |
